| 000 | 00493nmm a2200169Ia 4500 | ||
|---|---|---|---|
| 008 | 251105s9999||||xx |||||||||||||||||und|| | ||
| 020 | _a9788486547080 | ||
| 041 | _aspa | ||
| 100 | _aLópez de Gómara, Francisco | ||
| 245 | 0 | _aLos Corsarios Barbarroja | |
| 264 |
_a[Madrid, España] : _bEdiciones Polifemo, _c1989 |
||
| 300 | _a187 páginas | ||
| 490 | _aEspejo navegante | ||
| 650 | _aHistory of Europe: Spain | ||
| 856 | _uhttps://public.digitaliapublishing.com/a/18922 | ||
| 942 | _cCF | ||
| 999 |
_c86947 _d86947 |
||